| 000 | 00680nam a2200241 i 4500 | ||
|---|---|---|---|
| 001 | bg | ||
| 100 | 1 | _aŁAKOMY, Marian | |
| 245 | 1 | 0 |
_aCyfrowe układy scalone / _cMarian Łakomy, Jan Zabrodzki. |
| 250 | _aWyd.3. | ||
| 260 |
_aWarszawa : _bPańst. Wydaw. Naukowe, _c1986. |
||
| 300 |
_a561 s., [2] k. tabl. luz. : _brys., wykr. ; _c21 cm. |
||
| 504 | _aBibliogr. przy rozdz. | ||
| 650 | 9 | _aUkłady scalone | |
| 655 | _aPodręczniki akademickie | ||
| 700 | 1 | _aZABRODZKI, Jan | |
| 020 | _a8301019123 | ||
| 040 | _cBPK | ||
| 041 | 0 | _apl | |
| 080 | _a621.382:621.3.049.77](075.8) | ||
| 920 | _a83-01-01912-3 | ||
| 942 | _cKS | ||
| 008 | s pl f |000 0 pol | ||
| 999 |
_c35864 _d35864 |
||
| 856 |
_uhttp://koha.tu.koszalin.pl/cgi-bin/koha/opac-detail.pl?biblionumber=35864 _yKatalog online BPK |
||